000 00756nam a2200241 a 4500
001 000016762
003 DO-SdBNP
005 20251209090401.0
007 ta
008 100310s1996 dr c 000 0 spa d
040 _aDO-SdBNP
_bspa
_cBNPHU
082 4 _a384.55409
_bM896h
_222
100 1 _aMoscoso Espinosa, Lulio
_937148
245 1 3 _aLa historia de la tv /
_cLulio Moscoso Espinosa.
260 _aSanto Domingo :
_bEditora Del Sur,
_c1996
300 _a79 p. :
_bretrs. ;
_c22 cm.
500 _aIncluye datos biográficos del autor en la contracubierta
590 _aInventariado 2023 / MF
650 4 _aTelevision
_bHistoria
_937149
650 0 _aTelecomunicaciones
_bHistoria
_zRepublica Dominicana
_9550
910 _aMFeliz
942 _2ddc
_cLBS1
999 _c16294
_d16294